[Event "Andalucia-ch U10"]
[Site "Islantilla"]
[Date "2012.04.13"]
[Round "3"]
[White "Martin Gonzalez, Luis Miguel"]
[Black "Warwick Gonzalez, Humberto Jose"]
[Result "1-0"]
[WhiteElo "1238"]
[BlackElo "1149"]
[PlyCount "75"]
[EventDate "2012.04.13"]
[EventType "swiss"]
[EventRounds "9"]
[EventCountry "ESP"]
[SourceTitle "CBM 148 Extra"]
[Source "ChessBase"]
[SourceDate "2012.06.22"]
[SourceVersion "1"]
[SourceVersionDate "2012.06.22"]
[SourceQuality "1"]

1. d4 Nf6 2. c4 b6 3. Nc3 Bb7 4. f3 d6 5. e4 Nbd7 6. Be3 Rb8 7. Bd3 c5 8. d5 Ne5 9. Nge2 Qd7 10. Bc2 e6 11. Ba4 Nc6 12. dxc6 Bxc6 13. Bxc6 Qxc6 14. Qa4 Qxa4 15. Nxa4 b5 16. cxb5 Rxb5 17. Nec3 Rb4 18. 0-0 d5 19. Bxc5 Bxc5+ 20. Nxc5 Rxb2 21. Rab1 Rxb1 22. Rxb1 0-0 23. Nd3 d4 24. Ne2 Rd8 25. Nxd4 Kh8 26. e5 Nd5 27. Nc6 Rg8 28. Nc5 Nc3 29. Rb3 Nxa2 30. Ra3 Nc1 31. Rxa7 Ne2+ 32. Kf2 Nf4 33. Rd7 Nd5 34. Nd8 Rf8 35. Nxf7+ Kg8 36. Nxe6 Rxf7 37. Rd8+ Rf8 38. Rxf8# 1-0